000 00707nam a2200169 4500
008 171118b xxu||||| |||| 00| 0 eng d
020 _a0813379423
082 _21991
_aDC 364.1
_bB62p
245 _aThe Business of crime :
_ba documentary study of organized crime in the American economy /
_cedited and with an introduction by Alan A. Block.
260 _aBoulder, Colo. :
_bWestview Press,
_c©1991.
300 _avii, 294 pages ;
_c24 cm.
500 _aIncludes bibliographical references and index.
650 0 _923485
_aOrganized crime
_xEconomic aspects
_zUnited States.
650 0 _923486
_aBusiness
_xCorrupt practices
_zUnited States.
700 _923487
_aBlock, Alan A, editor.
942 _2ddc
_cDC
999 _c7782
_d7782